Statistiques concernant Sherlock Holmes Quiz

Cliquez ici pour prendre le quiz!

Statistiques générales

  • Ce quiz a été pris 5 396 fois
  • Le résultat moyen est 12 sur 20

Statistiques - réponses

QuestionsRéponses% Correct
Dans quelle ville vit Sherlock Holmes?Londres
97%
Qui est son fidèle acolyte?Dr. John Watson
93%
Pour quelle agence travaille l'Inspecteur Lestrade?{Scotland} Yard
83%
De quel instrument de musique joue-t-il?Violon
83%
Complétez le manque dans ce titre de roman de Sherlock Holmes.Le {Chien} des Baskerville
82%
Dans quelle rue vit-il?Baker Street
77%
Quel auteur a créé Sherlock Holmes?Sir Arthur Conan Doyle
77%
Quel mot Sherlock Holmes utilise-t-il et qui veut dire "évidemment" ou "de base"?Elémentaire
76%
Qui est son ennemi juré?Professeur James Moriarty
69%
Quel mot, commençant par un "D", veut dire "arriver à une conclusion en utilisant
des règles de logique et des démonstrations"?
Déduire
57%
Qui a joué le rôle de Sherlock dans la récente série télévisée de la BBC?Benedict Cumberbatch
55%
De quelle drogue Sherlock Holmes s'est-il injecté une solution de 7%?Cocaïne
55%
Qui joue le rôle de Sherlock Holmes dans une récente série de films hollywoodienne?Robert Downey Jr.
55%
Quel médecin Américain de télévision a été calqué sur Sherlock Holmes?Dr. Gregory House
53%
Qui est son frère?Mycroft Holmes
49%
Citation de Sherlock Holmes: Quand vous avez éliminez l'_______, ce qui reste,
aussi impobrable soit-il, est nécessairement la vérité.
Impossible
44%
Quel interêt romantique a été introduit dans "Un scandale de Bohème"?{Irène} Adler
43%
Complétez le manque dans ce titre de roman de Sherlock Holmes.Une étude en {rouge}
41%
Qui est sa logeuse?Mrs. Hudson
29%
Quel type de chapeau porte souvent Sherlocke Holmes?{Deer}stalker
13%

Distribution des résultats

Percentile par nombre de réponses

% des personnes avec chaque résultat

Votre développement - résultats

Vous n’avez pas pris ce quiz